00225nam a2200085Ia 4500008004100000082001800041100002100059245002700080300003200107230907s9999||||xx |||||||||||||| ||und|| a658.4012bHIT aHitt, Michael A. 0aStrategic management : axxiv, 404, I-1-I-28 pages :